00539nam a22001577a 450000500170000000800410001702000180005804100130007608200150008910000430010424501030014725000190025026000540026930000330032365000250035620231116093701.0231116b |||||||| |||| 00| 0 eng d a9780702171024 aEnglish  a344.1 BLA  aThompson, C and HAYSOM INC. lEnglish  aBlack Economic Empowerment : bCommentary, Legislation and Charters, cC Thompson and HAYSOM INC.  aFirst Edition  aCape Town : bJuta and Company (Pty) Ltd, c2005  bxxiii, 909 pages ; c27 cm.  aLegal practice bLaw